<?xml version="1.0" encoding="UTF-8"?>
<record
    xmlns:xsi="http://www.w3.org/2001/XMLSchema-instance"
    xsi:schemaLocation="http://www.loc.gov/MARC21/slim http://www.loc.gov/standards/marcxml/schema/MARC21slim.xsd"
    xmlns="http://www.loc.gov/MARC21/slim">

  <leader>011830000a22002290004500</leader>
  <controlfield tag="003">LK-CoMWRAF</controlfield>
  <controlfield tag="005">20240315102255.0</controlfield>
  <controlfield tag="008">230817t1997       ||||| |||| 00| 0 eng d</controlfield>
  <datafield tag="020" ind1=" " ind2=" ">
    <subfield code="a">9559445030</subfield>
  </datafield>
  <datafield tag="040" ind1=" " ind2=" ">
    <subfield code="a">LK-CoMWRAF</subfield>
    <subfield code="d">LK-CoMWRAF</subfield>
    <subfield code="e">LK-CoMWRAF</subfield>
  </datafield>
  <datafield tag="041" ind1=" " ind2=" ">
    <subfield code="a">tam</subfield>
  </datafield>
  <datafield tag="082" ind1=" " ind2=" ">
    <subfield code="a">305.8</subfield>
    <subfield code="b">HAS</subfield>
  </datafield>
  <datafield tag="100" ind1=" " ind2=" ">
    <subfield code="a">&#xBB9;&#xBB8;&#xBCD;&#xBAA;&#xBC1;&#xBB2;&#xBCD;&#xBB2;&#xBBE;, &#xB8E;&#xBB8;&#xBCD;.&#xB8E;&#xB9A;&#xBCD;</subfield>
    <subfield code="v">Hasbullah, S.H</subfield>
  </datafield>
  <datafield tag="245" ind1=" " ind2=" ">
    <subfield code="a">&#xB87;&#xBB3;&#xB99;&#xBCD;&#xB95;&#xBC8;&#xBAF;&#xBBF;&#xBA9;&#xBCD; &#xB87;&#xBA9;&#xBAA;&#xBCD;&#xBAA;&#xBBF;&#xBB0;&#xB9A;&#xBCD;&#xB9A;&#xBBF;&#xBA9;&#xBC8;&#xBAF;&#xBC1;&#xBAE;&#xBCD; &#xBAA;&#xBB2;&#xBB5;&#xBA8;&#xBCD;&#xBA4;&#xBAE;&#xBBE;&#xB95; &#xBB5;&#xBC6;&#xBB3;&#xBBF;&#xBAF;&#xBC7;&#xBB1;&#xBCD;&#xBB1;&#xBAA;&#xBCD;&#xBAA;&#xB9F;&#xBCD;&#xB9F; &#xBB5;&#xB9F;&#xBAE;&#xBBE;&#xB95;&#xBBE;&#xBA3; &#xBAE;&#xBC1;&#xBB8;&#xBCD;&#xBB2;&#xBBF;&#xBAE;&#xBCD;&#xB95;&#xBB3;&#xBC1;&#xBAE;&#xBCD;:</subfield>
    <subfield code="b">&#xBA4;&#xBCA;&#xB95;&#xBC1;&#xBA4;&#xBBF; 3-&#xBAE;&#xBC1;&#xBB2;&#xBCD;&#xBB2;&#xBC8;&#xBA4;&#xBCD;&#xBA4;&#xBC0;&#xBB5;&#xBC1; &#xBAE;&#xBC1;&#xBB8;&#xBCD;&#xBB2;&#xBBF;&#xBAE;&#xBCD;&#xB95;&#xBB3;&#xBCD;</subfield>
  </datafield>
  <datafield tag="246" ind1=" " ind2=" ">
    <subfield code="a">I&#x1E37;a&#x1E45;kaiyi&#x1E49; i&#x1E49;appiracci&#x1E49;aiyum palavantam&#x101;ka ve&#x1E37;iy&#x113;&#x1E5F;&#x1E5F;appa&#x1E6D;&#x1E6D;a va&#x1E6D;am&#x101;k&#x101;&#x1E49;a muslimka&#x1E37;um: Tokuti 3-:Mullaitt&#x12B;vu muslimka&#x1E37;</subfield>
  </datafield>
  <datafield tag="246" ind1=" " ind2=" ">
    <subfield code="a">Ethnic conflict in Sri Lanka and forcibly evicted Muslims of the Northern province</subfield>
  </datafield>
  <datafield tag="260" ind1=" " ind2=" ">
    <subfield code="a">Colombo:</subfield>
    <subfield code="b">Northern Muslims' rights organization,</subfield>
    <subfield code="c">1997</subfield>
  </datafield>
  <datafield tag="300" ind1=" " ind2=" ">
    <subfield code="a">183 p.</subfield>
    <subfield code="b">Reference included</subfield>
  </datafield>
  <datafield tag="650" ind1=" " ind2=" ">
    <subfield code="a">ETHNIC CONFLICT-Sri Lanka</subfield>
  </datafield>
  <datafield tag="650" ind1=" " ind2=" ">
    <subfield code="a">Muslims-Northern province-Sri Lanka</subfield>
  </datafield>
  <datafield tag="942" ind1=" " ind2=" ">
    <subfield code="c">BK</subfield>
  </datafield>
  <datafield tag="952" ind1=" " ind2=" ">
    <subfield code="0">0</subfield>
    <subfield code="1">0</subfield>
    <subfield code="4">0</subfield>
    <subfield code="7">0</subfield>
    <subfield code="a">MAIN</subfield>
    <subfield code="b">MAIN</subfield>
    <subfield code="d">2023-08-17</subfield>
    <subfield code="l">0</subfield>
    <subfield code="o">305.8 HAS</subfield>
    <subfield code="p">RAF5028</subfield>
    <subfield code="r">2023-08-17</subfield>
    <subfield code="w">2023-08-17</subfield>
    <subfield code="y">BK</subfield>
  </datafield>
  <datafield tag="952" ind1=" " ind2=" ">
    <subfield code="0">0</subfield>
    <subfield code="1">0</subfield>
    <subfield code="4">0</subfield>
    <subfield code="7">0</subfield>
    <subfield code="a">MAIN</subfield>
    <subfield code="b">MAIN</subfield>
    <subfield code="d">2024-03-15</subfield>
    <subfield code="l">0</subfield>
    <subfield code="o">305.8 HAS</subfield>
    <subfield code="p">RAF5202</subfield>
    <subfield code="r">2024-03-15</subfield>
    <subfield code="w">2024-03-15</subfield>
    <subfield code="y">BK</subfield>
  </datafield>
  <datafield tag="952" ind1=" " ind2=" ">
    <subfield code="0">0</subfield>
    <subfield code="1">0</subfield>
    <subfield code="4">0</subfield>
    <subfield code="7">0</subfield>
    <subfield code="a">MAIN</subfield>
    <subfield code="b">MAIN</subfield>
    <subfield code="d">2024-03-15</subfield>
    <subfield code="l">0</subfield>
    <subfield code="o">305.8 HAS</subfield>
    <subfield code="p">RAF5203</subfield>
    <subfield code="r">2024-03-15</subfield>
    <subfield code="w">2024-03-15</subfield>
    <subfield code="y">BK</subfield>
  </datafield>
  <datafield tag="999" ind1=" " ind2=" ">
    <subfield code="c">2867</subfield>
    <subfield code="d">2867</subfield>
  </datafield>
</record>
